000
00271nam a2200109Ia 4500
008
231212s2005 xx 000 0 und d
041
_a
eng
082
_a
625.3811
100
_a
Pathak B.V.
245
_a
Industrial Organisation & Management
260
_a
Pune
_b
Nirali
_c
2005
999
_c
965619
_d
965619